[Event "Kiev Shystariov Rapid"]
[Site "Kiev"]
[Date "2022.08.27"]
[Round "2"]
[White "Dehtiarov, Roman"]
[Black "Vysochin, Spartak"]
[Result "0-1"]
[WhiteElo "2188"]
[BlackElo "2512"]
[PlyCount "80"]
[EventDate "2022.08.27"]
[EventType "swiss (rapid)"]
[EventRounds "9"]
[EventCountry "UKR"]
[SourceTitle "CBM 209 Extra"]
[Source "ChessBase"]
[SourceDate "2022.09.30"]
[SourceVersion "1"]
[SourceVersionDate "2022.09.30"]
[SourceQuality "1"]

1. e4 e6 2. d4 d5 3. Nc3 Bb4 4. e5 Ne7 5. a3 Bxc3+ 6. bxc3 c5 7. Nf3 b6 8. Bd3 h6 9. 0-0 Ba6 10. a4 0-0 11. Ba3 Qc7 12. Bxa6 Nxa6 13. Qd3 Nb8 14. Rab1 Nd7 15. Rb5 a6 16. Rb2 Qc6 17. a5 b5 18. h3 Rac8 19. g4 Qc7 20. Ra1 f6 21. Re1 Qxa5 22. exf6 Rxf6 23. Bxc5 Nxc5 24. dxc5 Rxc5 25. Rb3 Qc7 26. Ra3 Qf4 27. Re3 e5 28. Rxe5 Qc1+ 29. Kg2 Qxa3 30. Rxe7 Qxc3 31. Qe2 Qxf3+ 32. Qxf3 Rxf3 33. Kxf3 Rxc2 34. Rd7 b4 35. Rxd5 b3 36. Rd8+ Kh7 37. Rb8 b2 38. h4 a5 39. h5 a4 40. Ke3 a3 0-1

[Event "Kiev Shystariov Blitz"]
[Site "Kiev"]
[Date "2022.08.26"]
[Round "8"]
[White "Kupriyanov, Daniel"]
[Black "Vysochin, Spartak"]
[Result "0-1"]
[WhiteElo "2124"]
[BlackElo "2512"]
[PlyCount "134"]
[EventDate "2022.08.26"]
[EventType "swiss (blitz)"]
[EventRounds "9"]
[EventCountry "UKR"]
[SourceTitle "CBM 209 Extra"]
[Source "ChessBase"]
[SourceDate "2022.09.30"]
[SourceVersion "1"]
[SourceVersionDate "2022.09.30"]
[SourceQuality "1"]

1. e4 e6 2. d3 d5 3. Nd2 c5 4. Ngf3 Nf6 5. g3 Nc6 6. Bg2 Be7 7. 0-0 0-0 8. Re1 b5 9. a4 b4 10. e5 Nd7 11. Nf1 Bb7 12. h4 Qc7 13. Bf4 Rfc8 14. N1h2 Qd8 15. Ng4 Bf8 16. Ng5 Nd4 17. c3 bxc3 18. bxc3 Nf5 19. Nh2 h6 20. Ngf3 Rab8 21. Bh3 d4 22. c4 Bc6 23. Qe2 Rb6 24. a5 Ra6 25. Bd2 Qe7 26. Reb1 Ba8 27. Ne1 Rac6 28. Bg2 R6c7 29. Bxa8 Rxa8 30. Nc2 Rcc8 31. Na3 a6 32. Nf3 Qd8 33. Nc2 Rab8 34. Nce1 Rxb1 35. Rxb1 Rb8 36. Qd1 Qc7 37. Rxb8 Qxb8 38. Bf4 Be7 39. Ng2 Bd8 40. g4 Ne7 41. g5 h5 42. Qa4 Qb7 43. Nd2 Nc6 44. Ne4 Bxa5 45. g6 fxg6 46. Bg3 Qc7 47. Nf4 Nb6 48. Qa1 Qf7 49. Nxc5 Nd7 50. Nxd7 Qxd7 51. Nxg6 Qb7 52. Qa4 Bd2 53. Qc2 Bh6 54. Qa4 Kh7 55. Nf4 Bxf4 56. Bxf4 a5 57. Qb5 Qxb5 58. cxb5 Nd8 59. Bc1 Kg6 60. Kg2 Kf5 61. f4 Kg4 62. Kf2 g6 63. Ke2 Kxh4 64. Kf3 a4 65. Ke4 Kg4 66. Kxd4 h4 67. Ke3 Kg3 0-1

[Event "Kiev Shystariov Blitz"]
[Site "Kiev"]
[Date "2022.08.26"]
[Round "5"]
[White "Vysochin, Spartak"]
[Black "Lymar, Vladislav"]
[Result "1-0"]
[WhiteElo "2512"]
[BlackElo "2066"]
[PlyCount "97"]
[EventDate "2022.08.26"]
[EventType "swiss (blitz)"]
[EventRounds "9"]
[EventCountry "UKR"]
[SourceTitle "CBM 209 Extra"]
[Source "ChessBase"]
[SourceDate "2022.09.30"]
[SourceVersion "1"]
[SourceVersionDate "2022.09.30"]
[SourceQuality "1"]

1. e4 c5 2. c3 e5 3. Nf3 Nc6 4. Bc4 Qc7 5. 0-0 Be7 6. d3 Nf6 7. a4 0-0 8. Bg5 d6 9. Bxf6 Bxf6 10. Nbd2 g6 11. Re1 Bg7 12. Nf1 Be6 13. Ne3 Kh8 14. Nd5 Qd8 15. Qd2 Ne7 16. Nxe7 Qxe7 17. b4 cxb4 18. cxb4 Rac8 19. Rac1 a6 20. h3 Qd7 21. Qa2 Bh6 22. Bxe6 Qxe6 23. Qxe6 fxe6 24. Rxc8 Rxc8 25. d4 exd4 26. Nxd4 e5 27. Ne6 Kg8 28. Rd1 Rc1 29. Rxc1 Bxc1 30. Nd8 b5 31. axb5 axb5 32. Nb7 Bd2 33. Nxd6 Bxb4 34. Nxb5 Kf7 35. Nc7 Bc5 36. Kf1 Bb6 37. Nd5 Bd4 38. Ke2 Ke6 39. g3 Kf7 40. f4 Ke6 41. Kf3 Bb2 42. Ne3 Bc3 43. Nc4 exf4 44. gxf4 Kf7 45. e5 Ke6 46. Ke4 h6 47. Ne3 Ba1 48. Nc2 Ke7 49. Nxa1 1-0

[Event "Titled Tuesday intern op 16th Aug Early"]
[Site "Chess.com INT"]
[Date "2022.08.16"]
[Round "8"]
[White "Sovetbekova, Nurai"]
[Black "Vysochin, Spartak"]
[Result "1-0"]
[WhiteElo "1912"]
[BlackElo "2512"]
[PlyCount "173"]
[EventDate "2022.08.16"]
[EventType "swiss (blitz)"]
[EventRounds "11"]
[EventCountry "USA"]
[SourceTitle "EXT 2023"]
[Source "ChessBase"]
[SourceDate "2022.10.05"]
[SourceVersion "1"]
[SourceVersionDate "2022.10.05"]
[SourceQuality "1"]

1. d4 d5 2. c4 e6 3. Nf3 Nf6 4. g3 Be7 5. Bg2 0-0 6. 0-0 b6 7. cxd5 Nxd5 8. Nc3 Bb7 9. e4 Nxc3 10. bxc3 Bxe4 11. Qe2 Bb7 12. Rd1 Nd7 13. Qc2 h6 14. Ng5 Bxg5 15. Bxb7 Bxc1 16. Bxa8 Qxa8 17. Raxc1 Qd5 18. c4 Qf3 19. c5 Nf6 20. cxb6 cxb6 21. Rd3 Qh5 22. Kg2 Qd5+ 23. Kg1 Rd8 24. Qa4 a5 25. Rc7 Qe4 26. Qc2 Nd5 27. Rc4 Nb4 28. Rxb4 axb4 29. Qb3 Rxd4 30. Rxd4 Qxd4 31. Qa4 Qc5 32. Qe8+ Kh7 33. Qxf7 Qd5 34. Qe7 Qxa2 35. Qxb4 Qa1+ 36. Kg2 Qa8+ 37. Kg1 Qc6 38. Qd4 b5 39. Qd3+ g6 40. h4 Qd5 41. Qa3 Qd1+ 42. Kg2 Qd5+ 43. Kg1 Qd1+ 44. Kh2 Qd7 45. Qb3 e5 46. Qb1 Kg8 47. Qxg6+ Qg7 48. Qe8+ Kh7 49. Qxb5 Qf6 50. Qd3+ Kg7 51. Kg2 Qc6+ 52. Qf3 Qe6 53. Qe4 Qf6 54. Qb7+ Kg6 55. Qf3 Qe6 56. Qe4+ Kg7 57. Qb7+ Kg6 58. Qe4+ Kg7 59. g4 Qf6 60. Qf5 Qxh4 61. Qxe5+ Kh7 62. Qf5+ Kg7 63. f3 Qe1 64. Qd7+ Kg6 65. Qd6+ Kg7 66. Qd4+ Kg6 67. Qe4+ Qxe4 68. fxe4 Kf6 69. Kf3 Ke5 70. Ke3 Kf6 71. Kf4 Ke6 72. e5 Kf7 73. Kf5 Ke7 74. Kg6 Ke6 75. Kxh6 Kxe5 76. g5 Ke6 77. g6 Kf6 78. Kh7 Ke7 79. g7 Kf7 80. g8Q+ Kf6 81. Qg6+ Ke5 82. Kg7 Kd4 83. Qf5 Kc3 84. Kf6 Kc4 85. Qe5 Kd3 86. Qf4 Kc3 87. Ke5 1-0

[Event "Titled Tuesday intern op 16th Aug Early"]
[Site "Chess.com INT"]
[Date "2022.08.16"]
[Round "2"]
[White "Vysochin, Spartak"]
[Black "Fiorito, Joaquin"]
[Result "0-1"]
[WhiteElo "2512"]
[BlackElo "2271"]
[PlyCount "144"]
[EventDate "2022.08.16"]
[EventType "swiss (blitz)"]
[EventRounds "11"]
[EventCountry "USA"]
[SourceTitle "EXT 2023"]
[Source "ChessBase"]
[SourceDate "2022.10.05"]
[SourceVersion "1"]
[SourceVersionDate "2022.10.05"]
[SourceQuality "1"]

1. d4 d5 2. Nf3 Nf6 3. g3 Bf5 4. Bg2 e6 5. 0-0 Be7 6. c4 c6 7. Nc3 0-0 8. Ne5 Nbd7 9. b3 Bd6 10. Nxd7 Qxd7 11. cxd5 exd5 12. Bg5 Bb4 13. Rc1 Ba3 14. Bxf6 gxf6 15. Rb1 Bxb1 16. Qxb1 Rfe8 17. e3 Kh8 18. Ne2 Bd6 19. Qd3 a5 20. h4 a4 21. Kh2 Qe6 22. Nc3 axb3 23. axb3 Qg4 24. Bh3 Qxh4 25. Kg2 Qg5 26. Rh1 h6 27. Bg4 Qxg4 28. Rxh6+ Kg7 29. Qh7+ Kf8 30. Rxf6 Qg7 31. Qxg7+ Kxg7 32. Rxd6 Ra3 33. Rd7 Rxb3 34. Na4 Rb4 35. Nc5 b5 36. Nd3 Rb3 37. Ne5 Rc3 38. Rxf7+ Kg8 39. Rc7 b4 40. Rb7 b3 41. g4 Ra8 42. Kf3 Ra2 43. g5 Rcc2 44. Ng4 b2 45. g6 Kh8 46. g7+ Kh7 47. Nf6+ Kh6 48. Ng4+ Kh7 49. Kg3 Ra8 50. Nf6+ Kh6 51. g8Q Rxg8+ 52. Nxg8+ Kg6 53. Ne7+ Kf6 54. Nc8 Ke6 55. Nb6 b1Q 56. Rh7 Qg1+ 57. Kf4 Qxf2+ 58. Kg5 Qxe3+ 59. Kg6 Qe4+ 60. Kg7 Rg2+ 61. Kh8 Qxh7+ 62. Kxh7 Rg4 63. Nc8 Rxd4 64. Kg6 Rg4+ 65. Kh7 Rg1 66. Nb6 d4 67. Nc4 Kd5 68. Nb2 c5 69. Kh6 c4 70. Kh5 c3 71. Nd3 c2 72. Kh4 Kc4 0-1